000 00332nam a2200133Ia 4500
008 150201s2014 xx 000 0 und d
082 _a611
_bA2010S
100 _aSINGH,D.R.
245 _aESSENTIALS OF ANATOMY FOR DENTISTRY STUDENTS
250 _a1ST
260 _bWOLTER KLUWER PUBLICATION
650 _aANATOMY
942 _2ddc
_cBK
999 _c4885
_d4885